| 000 | 00385nam a2200133Ia 4500 | ||
|---|---|---|---|
| 008 | 220217s9999||||xx |||||||||||||| ||und|| | ||
| 020 | _a81-7808-551-8 | ||
| 082 | _a004 CYG | ||
| 100 |
_aCyganski, David Orr, John, N _93042 |
||
| 245 | 0 | _aInformation technology inside and outside | |
| 260 |
_aPearson education asia _bDelhi _c2002 |
||
| 300 | _b275 | ||
| 650 | _aCOMPUTER SCIENCE | ||
| 999 |
_c170742 _d170742 |
||